What kind of future for Africa? lesons from an econometric world trade model for Africa
Saved in:
| Main Author: | |
|---|---|
| Format: | Book |
| Language: | English |
| Published: |
Budapest
Institute for World Economy of the Hungarian Academy of Sciences
1984
|
| Tags: |
No Tags, Be the first to tag this record!
|
MARC
| LEADER | 00000nam a2200000 4500 | ||
|---|---|---|---|
| 001 | c116904 | ||
| 005 | 20041019155206.0 | ||
| 041 | 0 | |a eng | |
| 044 | |a HU | ||
| 245 | 1 | 0 | |a What kind of future for Africa? |b lesons from an econometric world trade model for Africa |c Judit Kiss |
| 264 | 1 | |a Budapest |b Institute for World Economy of the Hungarian Academy of Sciences |c 1984 | |
| 300 | |a 70 s. | ||
| 100 | 1 | |a Kiss, Judit | |